[Event "Online Olym Div2 A"]
[Site "Chess.com INT"]
[Date "2020.08.16"]
[Round "8.6"]
[White "Bayrambayeva, Ogulsuray"]
[Black "Musaeva, Shakhnazi"]
[Result "1-0"]
[WhiteElo "1865"]
[BlackElo "1652"]
[PlyCount "27"]
[EventDate "2020.08.14"]
[EventType "team-tourn (rapid)"]
[EventRounds "9"]
[EventCountry "USA"]
[SourceTitle "CBM 198"]
[Source "ChessBase"]
[SourceDate "2020.10.31"]
[SourceVersion "1"]
[SourceVersionDate "2020.10.31"]
[SourceQuality "1"]
[WhiteTeam "Turkmenistan"]
[BlackTeam "Kyrgyzstan"]
[WhiteTeamCountry "TKM"]
[BlackTeamCountry "KGZ"]

1. d4 Nf6 2. c4 e6 3. Nf3 b6 4. g3 Bb7 5. Bg2 Be7 6. Nc3 0-0 7. 0-0 Ne4 8. d5 Nxc3 9. bxc3 f5 10. Qb3 Na6 11. Rd1 Nc5 12. Qc2 Qe8 13. Nd4 Bf6 14. Nb5 1-0